|
|
|
|
| LEADER |
00882nam a22002177a 4500 |
| 001 |
31863 |
| 003 |
BD-DhAAL |
| 008 |
171127t2016 pk a|||| |||| 00| 0 eng d |
| 999 |
|
|
|c 38649
|d 38649
|
| 020 |
|
|
|a 9789699776052
|
| 082 |
|
|
|2 21
|a 330.95405
|
| 245 |
|
|
|a Human development in South Asia 2016 :
|b empowering women in South Asia
|
| 260 |
|
|
|a Lahore :
|b Mahbub ul Haq Research Centre,
|c c2016
|
| 300 |
|
|
|a xiii, 251 pages :
|b illustrations ;
|c 28 cm.
|
| 526 |
|
|
|a AAL
|
| 541 |
|
|
|a Complementary copy
|e 31863
|
| 651 |
|
|
|a South Asia
|x Economic conditions
|v Periodicals
|9 23981
|
| 710 |
|
|
|a Lahore University of Management Sciences
|9 24004
|
| 852 |
|
|
|a Ayesha Abed Library
|c General Stacks
|
| 942 |
|
|
|2 ddc
|c BK
|
| 952 |
|
|
|0 0
|1 0
|2 ddc
|4 0
|6 330_954050000000000_HUM
|7 0
|9 61991
|a BRACUL
|b BRACUL
|c GEN
|d 2017-11-27
|e Complimentary copy
|l 1
|m 3
|o 330.95405 HUM
|p 3010031863
|r 2018-09-12
|s 2018-01-23
|t 1
|w 2017-11-27
|y BK
|